<?xml version="1.0" encoding="UTF-8"?>
<record
    xmlns:xsi="http://www.w3.org/2001/XMLSchema-instance"
    xsi:schemaLocation="http://www.loc.gov/MARC21/slim http://www.loc.gov/standards/marcxml/schema/MARC21slim.xsd"
    xmlns="http://www.loc.gov/MARC21/slim">

  <leader>01194nam a22002177a 4500</leader>
  <datafield tag="999" ind1=" " ind2=" ">
    <subfield code="c">501</subfield>
    <subfield code="d">501</subfield>
  </datafield>
  <controlfield tag="003">OSt</controlfield>
  <controlfield tag="005">20220610112119.0</controlfield>
  <controlfield tag="008">180221b        xxu||||| |||| 00| 0 spa d</controlfield>
  <datafield tag="020" ind1=" " ind2=" ">
    <subfield code="a">9501403289</subfield>
  </datafield>
  <datafield tag="040" ind1=" " ind2=" ">
    <subfield code="c">PJ</subfield>
  </datafield>
  <datafield tag="100" ind1=" " ind2=" ">
    <subfield code="a">Ramella, Pablo A.</subfield>
    <subfield code="9">635</subfield>
  </datafield>
  <datafield tag="245" ind1="1" ind2="0">
    <subfield code="a">Cr&#xED;menes contra la humanidad / </subfield>
    <subfield code="c">Pablo A. Ramella.</subfield>
  </datafield>
  <datafield tag="260" ind1=" " ind2=" ">
    <subfield code="a">Buenos Aires :</subfield>
    <subfield code="b">Depalma,</subfield>
    <subfield code="c">1986.</subfield>
  </datafield>
  <datafield tag="300" ind1=" " ind2=" ">
    <subfield code="a">154 p.</subfield>
    <subfield code="c">23 cm.</subfield>
  </datafield>
  <datafield tag="504" ind1=" " ind2=" ">
    <subfield code="a">Bibliograf&#xED;a: p.151-152.</subfield>
  </datafield>
  <datafield tag="505" ind1=" " ind2=" ">
    <subfield code="a">1. El individuo como sujeto del derecho penal internacional.
2. Antecedentes.
3. El juicio de Nuremberg.
4. El juicio de Tokio.
5. An&#xE1;lisis cr&#xED;tico.
6. Cr&#xED;menes de guerra y cr&#xED;menes contra la humanidad.
7. Trata de blancas.
8. Trata de esclavos.
9. Trafico de estupefacientes.
10. Genocidio.
11. La guerra como crimen.
12. Armas nucleares.
13. Aborto.
14. Pornograf&#xED;a.
15. Tortura.
16. Discriminaci&#xF3;n.
17. Terrorismo.
18. Prescripci&#xF3;n.
19. Tribunal Internacional.
20. Reflexi&#xF3;n final.
</subfield>
    <subfield code="r">PABLO A. RAMELLA</subfield>
    <subfield code="t">CRIMENES CONTRA LA HUMANIDAD</subfield>
  </datafield>
  <datafield tag="650" ind1=" " ind2="0">
    <subfield code="9">495</subfield>
    <subfield code="a">DERECHO INTERNACIONAL</subfield>
  </datafield>
  <datafield tag="650" ind1=" " ind2="0">
    <subfield code="9">623</subfield>
    <subfield code="a">VIOLACION DE DERECHOS HUMANOS</subfield>
  </datafield>
  <datafield tag="650" ind1=" " ind2="0">
    <subfield code="a">DELITOS CONTRA LA HUMANIDAD</subfield>
    <subfield code="9">3559</subfield>
  </datafield>
  <datafield tag="942" ind1=" " ind2=" ">
    <subfield code="2">udc</subfield>
    <subfield code="c">LIB</subfield>
    <subfield code="h">341.48</subfield>
    <subfield code="i">RAM</subfield>
  </datafield>
  <datafield tag="952" ind1=" " ind2=" ">
    <subfield code="0">0</subfield>
    <subfield code="1">0</subfield>
    <subfield code="2">udc</subfield>
    <subfield code="4">0</subfield>
    <subfield code="7">0</subfield>
    <subfield code="a">DJS</subfield>
    <subfield code="b">DJS</subfield>
    <subfield code="d">2018-05-17</subfield>
    <subfield code="o">341.48 RAM</subfield>
    <subfield code="p">0222</subfield>
    <subfield code="r">2018-05-17</subfield>
    <subfield code="w">2018-05-17</subfield>
    <subfield code="y">LIB</subfield>
  </datafield>
</record>
